Statistics for Pokemon Super Effective Move Quiz

Click here to take the quiz!

General Stats

  • This quiz has been taken 13 times
  • The average score is 14 of 20

Answer Stats

Attacking PokémonDefending PokémonSuper Effective Move% Correct
LudicoloLuvdiscAbsorb|Bullet Seed|Giga Drain|Solarbeam|Razor Leaf|Mega Drain|Thunderpunch
82%
MightyenaMisdreavusBite|Crunch|Shadow Ball|Thief|Astonish
82%
DruddigonKingdraDragon Claw|Dragon Tail|Draco Meteor|Dragon Pulse|Outrage
82%
TaurosMetagrossEarthquake|Flamethrower|Fire Blast
82%
SlowkingShelgonIce Beam|Blizzard|Ice Punch|Icy Wind
82%
SimipourTornadusIce Beam|Blizzard|Rock Tomb|Rock Slide|Ice Punch|Icy Wind
82%
BibarelChimcharWater Gun|Water Pulse|Surf|Whirlpool|Waterfall|Rollout|Dig|Aqua Tail|Dive|Mud Slap
82%
ScytherInfernapeWing Attack|Air Slash|Aerial Ace
82%
FlorgesSableyeDisarming Voice|Dazzling Gleam|Moonblast|Fairy Wind
73%
HitmonchanTyranitarMach Punch|Dynamicpunch|Rock Smash|Mud Slap|Hi Jump Kick|Submission
73%
HeracrossGrumpigMegahorn
73%
VolcaronaSwampertSolarbeam|Giga Drain
73%
StarmieSkarmoryThunderbolt|Thunder|Zap Cannon
73%
DugtrioRoseliaAerial Ace
64%
GyaradosScizorFire Blast
64%
DunsparceParasectRollout|Ancient Power|Rock Slide|Flamethrower
64%
BeedrillAlakazamTwineedle|Pin Missile
55%
GolurkFerroseedDynamicpunch|Hammer Arm|Focus Punch|Brick Break|Low Sweep|Focus Blast|Rock Smash|Drain Punch|Superpower
45%
ShiftryPelipperRock Tomb|Rollout
36%
LiepardVanilluxeRock Smash
27%

Score Distribution

Percentile by Number Answered

Percent of People with Each Score

Your Score History

You have not taken this quiz